Biology
में बचाया:
| मुख्य लेखक: | |
|---|---|
| स्वरूप: | पुस्तक |
| भाषा: | अंग्रेज़ी |
| प्रकाशित: |
New York, USA
Barnes & Noble
1954
|
| संस्करण: | Séptima edición |
| श्रृंखला: | College Outline Series
|
| विषय: | |
| टैग: |
टैग जोड़ें
कोई टैग नहीं, इस रिकॉर्ड को टैग करने वाले पहले व्यक्ति बनें!
|
MARC
| LEADER | 00000nam a2200000 a 4500 | ||
|---|---|---|---|
| 001 | UCT3785 | ||
| 003 | CL-VaPUC | ||
| 005 | 20241121094921.0 | ||
| 008 | 961031e19540000US |||||||||||||||||eng|d | ||
| 999 | |c 253321 |d 253319 | ||
| 040 | |c Pontificia Universidad Católica de Valparaíso | ||
| 082 | 0 | 4 | |a 570 ALE 1954 |2 21 |
| 100 | 0 | |a Alexander, Gordon |9 372794 | |
| 245 | 1 | 0 | |a Biology |
| 250 | |a Séptima edición | ||
| 260 | |a New York, USA |b Barnes & Noble |c 1954 | ||
| 300 | |a 253 páginas | ||
| 490 | 0 | |a College Outline Series | |
| 583 | |a last modification |c 19961031 00:00:00 |k Rodrigo Vera | ||
| 650 | 0 | |a Biología |9 262022 | |
| 650 | 0 | |a Células |9 269548 | |
| 650 | 0 | |a Morfología celular |9 358386 | |
| 650 | 0 | |a Fisiología celular |9 261425 | |
| 650 | 0 | |a Morfología celular |9 358386 | |
| 650 | 0 | |a Herencia |9 256325 | |
| 650 | 0 | |a Genética |9 259443 | |
| 942 | |c BK |2 ddc | ||
| 945 | |d 19961031 00:00:00 |a cmena | ||
| 952 | |0 0 |1 0 |2 ddc |4 0 |6 570_000000000000000_ALE_1954 |7 0 |8 A |9 274001 |a BIBCUR |b BIBCUR |d 2019-11-19 |i 2083329 |o 570 ALE 1954 |p 2083329 |r 2025-04-22 |t 2 |w 2019-11-19 |y BK |k BIO | ||